| 000 | nam a22 7a 4500 | ||
|---|---|---|---|
| 999 |
_c20953 _d20953 |
||
| 008 | 170120b xxu||||| |||| 00| 0 eng d | ||
| 020 | _a9781416037088 | ||
| 050 | _aRT 55 .S55 2008 | ||
| 100 |
_aSILVESTRI, LINDA A _d2008 |
||
| 245 |
_aCOMPREHENSIVE REVIEW FOR THE NCLE-RN EXAMINATION: _cLINDA, SILVESTRI A. |
||
| 250 | _a1st ed. | ||
| 260 |
_aCanada: _bElsevier, _c2008. |
||
| 300 |
_axix,1273p. :ill. _bincludes index, _c28cm _ec.d |
||
| 650 | _aNursing. | ||
| 942 |
_2lcc _cBOOKS _hRT 55 .S55 2008 |
||